000 00886nam a2200181Ia 4500
008 151202s9999||||xx |||||||||||||| ||und||
082 _bPNVM-69618
100 _aम्हात्रे रामचंद्र.
245 _a"हिमगिरी दर्शन - अमरनाथ,वैष्णोदेवी,लेह,लडाख."
260 _b"नवचैतन्य प्रकाशन,बोरोवली."
260 _c69618
300 _a72
600 _aम्हात्रे रामचंद्र.
630 _a"हिमगिरी दर्शन - अमरनाथ,वैष्णोदेवी,लेह,लडाख."
700 _aम्हात्रे रामचंद्र.
730 _a"हिमगिरी दर्शन - अमरनाथ,वैष्णोदेवी,लेह,लडाख."
942 _cBOOK
999 _c1336128
_d1336125